Géographie par lettre - E - Statistiques

Statistiques générales
  • Ce quiz a été pris 229 fois
  • Le résultat moyen est 9 sur 15
Statistiques - réponses
Questions Réponses % Correct
Quel pays européen accueille le plus de touristes après la France ? Espagne
99%
Quel pays est souvent considéré comme le plus puissant du monde ? Etats-Unis
96%
Quelle ville est la capitale de l'Ecosse ? Edimbourg
94%
Quel pays s'est développé grâce au cours du Nil ? Egypte
93%
Quel pays balte est le plus septentrional ? Estonie
90%
Quelle ville des Pyrénées-Atlantiques est célèbre pour son piment ? Espelette
85%
Quelle est la préfecture de l'Essonne ? Evry-Courcouronnes
66%
Quel était le nom de Tokyo sous l'époque féodale ? Edo
56%
Quelle est la préfecture de l'Eure ? Evreux
56%
Quel sommet russe est le plus haut d'Europe ? Elbrouz
42%
Quelle ville néerlandaise est la quatrième par la population ? Eindhoven
41%
Quelle petite île au large de New-York était le point d'arrivée des migrants ? Ellis Island
37%
Quelle ville de l'agglomération grenobloise est la ville d'origine de Calogero ? Echirolles
33%
Quelle ville russe est la capitale de l'Oural ? Ekaterinbourg
26%
Quel est le nom du plus célèbre des volcans islandais (accepté aux 6 premières lettres)? Eyjafjallajökull
18%
Aucun quiz correspondant
Distribution des résultats
% des personnes avec chaque résultat
Percentile par nombre de réponses
Votre historique - résultats
Vous n’avez pas pris ce quiz